La naturaleza del juicio
Guardat en:
| Autor principal: | |
|---|---|
| Format: | Llibre |
| Idioma: | espanyol |
| Publicat: |
Madrid
Ediciones Encuentro
2002
|
| Col·lecció: | Opuscula Philosophica, 7
|
| Matèries: | |
| Etiquetes: |
Afegir etiqueta
Sense etiquetes, Sigues el primer a etiquetar aquest registre!
|
MARC
| LEADER | 00000nam a2200000 a 4500 | ||
|---|---|---|---|
| 001 | UCG6129 | ||
| 003 | CL-VaPUC | ||
| 008 | 110407e20020000SP |||||||||||||||||spa|d | ||
| 020 | |a 847490661X | ||
| 082 | 0 | 4 | |a 192 |b MOO |2 21 |
| 100 | |a Moore, George Edward |e autor |9 867121 | ||
| 245 | 1 | 3 | |a La naturaleza del juicio |
| 300 | |a 54 p | ||
| 942 | |c BK | ||
| 945 | |d 20110407 00:00:00 |a dcastane | ||
| 260 | |a Madrid |b Ediciones Encuentro |c 2002 | ||
| 650 | 0 | |a Filosofía inglesa |9 255676 | |
| 650 | 0 | |a Semántica |9 265318 | |
| 650 | 0 | |a Filósofos ingleses |9 345975 | |
| 583 | |a last modification |c 20110407 00:00:00 |k Rodrigo Vera | ||
| 490 | 0 | |a Opuscula Philosophica, 7 | |
| 999 | |c 344416 |d 344414 | ||
| 952 | |0 0 |1 0 |4 0 |6 192_000000000000000_MOO_2002 |7 0 |8 A |9 442381 |a BIBEDU |b BIBEDU |d 2019-11-22 |i 4765400 |o 192 MOO 2002 |p 4765400 |r 2019-11-22 |w 2019-11-22 |y BK |k FIL | ||